header

Skin penetration (Record no. 12237)

MARC details
000 -LEADER
fixed length control field 01559pam a2200361Ia 4500
100 1# - MAIN ENTRY--AUTHOR NAME
Personal name Grandjean, Philippe.
245 10 - TITLE STATEMENT
Title Skin penetration
260 ## - PUBLICATION, DISTRIBUTION, ETC. (IMPRINT)
Place of publication London ;
-- New York :
Name of publisher Taylor & Francis,
Year of publication 1990.
300 ## - PHYSICAL DESCRIPTION
Number of Pages ix, 187 p. :
Other physical details ill.
500 ## - GENERAL NOTE
General note "A report prepared for the Commission of the European Communities, Directorate-General Employment, Industrial Relations and Social Affairs, Health and Safety Directorate."
General note Includes index.
650 #0 - SUBJECT ADDED ENTRY--TOPICAL TERM
Topical Term Dermatotoxicology
Topical Term Skin absorption
Topical Term Industrial toxicology
700 1# - ADDED ENTRY--PERSONAL NAME
Personal name Grandjean, Philippe.
Personal name Grandjean, P.
856 40 - ELECTRONIC LOCATION AND ACCESS
Uniform Resource Identifier http://site.ebrary.com/lib/rucke/Doc?id=10017173

No items available.

© 2026 Rongo University
Contact us: librarian | system librarian | Rongo university